Ο Γεώργιος Δροσίνης και οι φίλοι του : συλλογική εργασία

Saved in:
Bibliographic Details
Other Authors: Στέφος, Αναστάσιος (Editor)
Format: Book
Language:Greek
Published: Κηφισιά : Σύλλογος 'Οι φίλοι του μουσείου Γ. Δροσίνη', 2021.
Series:Αυτοτελείς εκδόσεις 51.
Subjects:
Tags: Add Tag
No Tags, Be the first to tag this record!

MARC

LEADER 00000cam a2200000 a 4500
001 1/122696
008 210222s2021####gr | ||| |||| ||gre||
020 |a 9786185165161   |q (χαρτόδετο)  
040 |a GR-MyUa  |b gre  |c GR-MyUa  |e AACR2 
041 1 |a gre 
082 7 |a 889.12   |2 (23)  
245 1 0 |a Ο Γεώργιος Δροσίνης και οι φίλοι του :   |b συλλογική εργασία /   |c επιμέλεια Αναστάσιος Αγγ. Στέφος, υπεύθυνες ύλης Ελένη Βαχάρη, Νενίτα Παράντα.  
260 |a Κηφισιά :   |b Σύλλογος 'Οι φίλοι του μουσείου Γ. Δροσίνη',   |c 2021.  
300 |a 410 σ. :   |b εικ. ;   |c 24 εκ.  
650 0 |a Greek literature, Modern. 
650 0 |a Poets, Greek (Modern) 
700 1 |a Στέφος, Αναστάσιος,  |e edt 
830 0 |a Αυτοτελείς εκδόσεις  |v 51.  
852 |a INST  |b CHIOS  |e 20210222  |h 889.12 ΣΤΕ  |p 005200039792  |q 005200039792  |t BK  |v τομ.1:  |y 0 
853 |a INST  |b CHIOS  |h 889.12 ΣΤΕ 
920 |a Σύλλογος 'Οι φίλοι του μουσείου Γ. Δροσίνη'   |y Χίος  |z 2021-02  
970 |a Παροικάκη  |b Βασιλική  |z 22/2/2021